Phyisical management for Neurological conditions. (Record no. 7977)
[ view plain ]
| 000 -LEADER | |
|---|---|
| fixed length control field | 00578nam a22002057a 4500 |
| 003 - CONTROL NUMBER IDENTIFIER | |
| control field | OSt |
| 005 - DATE AND TIME OF LATEST TRANSACTION | |
| control field | 20220812110046.0 |
| 008 - FIXED-LENGTH DATA ELEMENTS--GENERAL INFORMATION | |
| fixed length control field | 220812b ||||| |||| 00| 0 eng d |
| 020 ## - INTERNATIONAL STANDARD BOOK NUMBER | |
| International Standard Book Number | 9788723435600 |
| 040 ## - CATALOGING SOURCE | |
| Transcribing agency | NLM |
| 082 ## - DEWEY DECIMAL CLASSIFICATION NUMBER | |
| Classification number | WB460 |
| Item number | P5691 2017 |
| 100 ## - MAIN ENTRY--PERSONAL NAME | |
| Personal name | Marie, Stokes: Emma, Stack |
| 9 (RLIN) | 16201 |
| 245 ## - TITLE STATEMENT | |
| Title | Phyisical management for Neurological conditions. |
| 250 ## - EDITION STATEMENT | |
| Edition statement | 4th ed. |
| 260 ## - PUBLICATION, DISTRIBUTION, ETC. (IMPRINT) | |
| Place of publication, distribution, etc. | Churchhill Livingstone: |
| Name of publisher, distributor, etc. | Elsevier; |
| Date of publication, distribution, etc. | 2017 |
| 300 ## - PHYSICAL DESCRIPTION | |
| Extent | xviii,430p.: |
| Other physical details | ill; |
| Dimensions | 26cm |
| 504 ## - BIBLIOGRAPHY, ETC. NOTE | |
| Bibliography, etc | Index included. |
| 650 ## - SUBJECT ADDED ENTRY--TOPICAL TERM | |
| Topical term or geographic name as entry element | Neurological conditions. |
| 9 (RLIN) | 16202 |
| 942 ## - ADDED ENTRY ELEMENTS (KOHA) | |
| Source of classification or shelving scheme | Other/Generic Classification Scheme |
| Koha item type | Book |
| Withdrawn status | Lost status | Source of classification or shelving scheme | Damaged status | Not for loan | Home library | Current library | Date acquired | Source of acquisition | Inventory number | Total Checkouts | Full call number | Barcode | Date last seen | Price effective from | Koha item type |
|---|---|---|---|---|---|---|---|---|---|---|---|---|---|---|---|
| Other/Generic Classification Scheme | MUST Main Library | MUST Main Library | 12/08/2022 | Purchase | 22/41938 | WB460 P5691 2017 | 2022-7874 | 12/08/2022 | 12/08/2022 | Book | |||||
| Other/Generic Classification Scheme | MUST Main Library | MUST Main Library | 12/08/2022 | Purchase | 22/41939 | WB460 P5691 2017 | 2022-7875 | 12/08/2022 | 12/08/2022 | Book |
